000 00900nam a22003257a 4500
005 20251112175509.0
008 180419b2014 xxu||||| |||| 00| 0 spa d
020 _a9786074484106
041 _aESP
082 _a617.632 H293p
100 _aHarpenu, Lisa
_946858
100 _aKao, Richarad
_946859
100 _aLundergan, William
_946860
245 _aPeriodoncia e implantología dental de Hall: toma de decisiones
260 _aMéxico
260 _bManual Moderno
260 _c2014
300 _a398 páginas
300 _bIlustraciones a color
490 _aMecánica Dental
650 _aPERIODONCIA
650 _aENFERMEDADES PERIODONTALES
650 _aIMPLANTES DENTALES
650 _aEXAMEN CLÍNICO
650 _aTRATAMIENTO PERIODONTAL
650 _aCIRUGÍA MUCOGINGIVAL
650 _aODONTOLOGÍA ESTÉTICA
650 _aORTODONCIA
942 _cBK
_2ddc
999 _c10582
_d10582